| 000 | 00389nam a22001457a 4500 | ||
|---|---|---|---|
| 999 |
_c7979 _d7979 |
||
| 003 | OSt | ||
| 005 | 20200612133944.0 | ||
| 008 | 200612b ||||| |||| 00| 0 eng d | ||
| 020 | _a9789881566294 | ||
| 082 |
_a720.47 _bWEI |
||
| 110 | _a Weiju Yang (Editor) | ||
| 245 | _aGreen architecture | ||
| 260 |
_aHong Kong _bDesign Media Publishing Ltd; Sew edition _cNovember 15, 2014 |
||
| 942 | _2ddc | ||